| 000 | 00863cad a22002175a 4500 | ||
|---|---|---|---|
| 001 | L153187 | ||
| 008 | 110621e20110518 d f s i000 0 eng d | ||
| 035 | _a(Sirsi) u153187 | ||
| 041 | 0 | _aeng | |
| 110 | 2 |
_aEurostat _91416 |
|
| 245 | 0 | 0 |
_aConstruction output up by 0.7% in euro area _h[electronic resource] |
| 260 | _c2011 | ||
| 490 | 0 |
_aEurostat News Release _v(89/2011) 17 June 2011 |
|
| 520 | _aCompared with April 2010, output in April 2011 dropped by 2.0% in the euro area and by 1.2% in the EU27; down by 0.9% in the EU27. | ||
| 590 | _aKA | ||
| 650 | 2 | 4 | _aEUROSTAT MONTHLY CONSTRUCTION INDEX |
| 651 | 4 | _aEurope | |
| 690 | _aBUILT ENVIRONMENT-CONSTRUCTION MARKET | ||
| 856 | 4 | 0 |
_uhttps://epp.eurostat.ec.europa.eu/cache/ITY_PUBLIC/4-17062011-BP/EN/4-17062011-BP-EN.PDF _zView the item free of charge at http://epp.eurostat.ec.europa.eu |
| 942 | _n0 | ||
| 999 |
_c112415 _d112415 |
||